000 00864nam a2200325 a 4500
003 AR-BaBNM
005 20251128204653.0
008 082120s2002 ||||||||||||||000 | spa||
020 _a956-7186-01-3
040 _cAR-BaBNM
100 1 _aLux P., Gastón
245 0 0 _aDescubramos Europa
_bguía turística 1992
260 _aViña del Mar
_bGastón Lux Palma
_c1992
300 _a757 p.
_bmapas, tablas
650 4 _aGUIAS DE VIAJE
650 4 _aMEDIOS DE COMUNICACION
650 4 _aVIAJES
650 4 _aECOLOGIA
650 4 _aINDUSTRIA HOTELERA
650 4 _aINDUSTRIA TURISTICA
650 4 _aINSTALACIONES TURISTICAS
650 4 _aESPARCIMIENTO COMERCIALIZADO
650 4 _aTRANSPORTE AEREO
650 4 _aTRANSPORTE TERRESTRE
650 4 _aTRANSPORTE MARITIMO
650 4 _aHOTELES
651 4 _aEuropa
942 _cBK
998 _cMARTIN
999 _c8333
_d8333